| 000 | 01111nam a2200289Ia 4500 | ||
|---|---|---|---|
| 003 | OSt | ||
| 005 | 20220923211418.0 | ||
| 006 | a|||||r|||| 00| 0 | ||
| 007 | ta | ||
| 008 | 220922b |||||||| |||| 00| 0 san d | ||
| 020 |
_a9788192512631 (hbk) _c500 |
||
| 024 | _a324,916 | ||
| 037 |
_b336, 10/02/2018, Eastern Book Linkers _cTextual |
||
| 040 |
_aARTS _cARTS _bsan |
||
| 041 |
_2san _asan |
||
| 082 | _aO152,1:g(P:75), Q6 | ||
| 100 | _aपाण्डेय, रामसजन, ले. | ||
| 245 | 0 | _aउत्प्रेक्षा अलंकार-विमर्श | |
| 246 | _aUtprekṣhā alankāra-vimarsha | ||
| 260 |
_aदिल्ली _b नेहा पुस्तक केंद्र _c2016 |
||
| 300 |
_a160पृ0 _ccm. |
||
| 650 | _a हिन्दी आलोचना | ||
| 650 |
_a हिन्दी साहित्य _9156264 |
||
| 650 | _aहिन्दी कविता | ||
| 942 |
_hO152,1:g(P:75), Q6 _cTEXL _2CC |
||
| 999 |
_c299232 _d299232 |
||